| 000 | 00532cam a2200145 4500500 | ||
|---|---|---|---|
| 005 | 20260208002440.0 | ||
| 041 | _afre | ||
| 042 | _adc | ||
| 100 | 1 | 0 |
_aMasset, Claude _eauthor |
| 245 | 0 | 0 | _aChristian Bromberger, Trichologiques. Une anthropologie des cheveux et des poils, Paris, Bayard, 2010, 256 p., bibl., ill. |
| 260 | _c2011. | ||
| 500 | _a29 | ||
| 786 | 0 | _nL'Homme | 198-199 | 2 | 2011-07-01 | p. 367q-417q | 0439-4216 | |
| 856 | 4 | 1 | _uhttps://shs.cairn.info/revue-l-homme-2011-2-page-367q?lang=fr&redirect-ssocas=7080 |
| 999 |
_c1646412 _d1646412 |
||